Villes d'Europe de A à Z - Extrême - Statistiques

Statistiques générales
  • Ce quiz a été pris 67 fois
  • Le résultat moyen est 7 sur 26
Statistiques - réponses
Indice Ville % Correct
M Plus grande ville du monde au nord du cercle arctique Mourmansk
58%
I Ville de la région Bruxelles-Capitale qui voit très large Ixelles
55%
Y Ville thermale sur le lac de Neuchâtel Yverdon-les-Bains
50%
D Ville natale de Louis Pasteur Dole
48%
L République toscane pendant près de sept siècles Lucques
42%
V Ville de Galice qui cacherait de précieux trésors dans sa baie Vigo
42%
K Ville du Péloponnèse connue pour ses olives violettes Kalamata
35%
B Ce n'est pas un canular, on la trouve en Westphalie ! Bielefeld
32%
C Ville slovène dont les clubs sportifs brillent, notamment en handball Celje
29%
W Son cristal est réputé bien au-delà de l'Irlande Waterford
29%
H On trouve le produit de l'apiculture dans son nom Homiel
26%
N Peut-être la plus ancienne ville des Balkans toujours habitée Niš
26%
U Au nord de la Suède, on y trouve de nombreux bouleaux Umeå
23%
O Ville macédonienne au bord d'un grand lac éponyme Ohrid
21%
R Son festival a chaque année la même affiche que celui de Leeds Reading
21%
Q Commune "arithmétique" de l'Hérault Quarante
19%
Z Ville de Saxe, patrie de Robert Schuman et des Trabant Zwickau
19%
G Ville albanaise dont l'architecture a été inscrite à l'UNESCO Gjirokastër
16%
P Chef-lieu de la Basilicate Potenza
16%
T Deuxième plus grande ville du Brabant-Septentrional Tilbourg
16%
E Le centre énergétique du Danemark Esbjerg
15%
F Ville autrichienne placée sur un tripoint Feldkirch
13%
J Louis XVIII a posé bagage dans cette ville balte durant ses exils Jelgava
13%
S Elle fut l'une des premières cibles de l'attaque russe sur l'Ukraine en 2022 Soumy
13%
A L'une des plus grandes ville italienne durant l'Empire Romain Aquilée
11%
X Elle a connu la gloire durant la période musulmane de la région de Valence Xàtiva
6%
Aucun quiz correspondant
Distribution des résultats
% des personnes avec chaque résultat
Percentile par nombre de réponses
Votre historique - résultats
Vous n’avez pas pris ce quiz